000 00668nam a2200157 a 4500
008 120416s1979 ||||||||||||||||| || u
020 _a0700334455
050 _aHA 29 Kaz
100 _aKazmier, Leonard J
245 1 0 _aBasic statistics for business and economics
260 _aNew York
_bMcGraw-Hill
_c1979
300 _axiv, 457p. : ill.
350 _a0.00
995 _aMAIN LIBRARY OPEN ACCESS
_D0.00
_e709475
_FCBU-MAIN LIBRARY (Kitwe)
_H1
_I16.95
_jHA 29 Kaz
_M1
_UAVAILABLE
_y000196
_ZMain Library Open Access Collection
995 _aBINDERY (DAMAGED)
_D0.00
_e709476
_FCBU-MAIN LIBRARY (Kitwe)
_H2
_I16.95
_jHA 29 Kaz
_M2
_UDAMAGED
_y000197
_ZMain Library Open Access Collection
999 _c84580
_d84580